000 00288nam a22001337a 4500
008 170922b xxu||||| |||| 00| 0 eng d
020 _a9780299166748
041 _aeng
080 _a902
100 _a45
101 _aARK
245 _aTHE ATLANTIC CELT
_cJAMES.S
942 _2udc
_cBK
999 _c28956
_d28956